Catálogo público

Especies de Alternaria spp. asociadas a la pudrición de frutos de bell pepper establecidos bajo cubierta en Sinaloa (Record no. 220560)

MARC details
000 -CABECERA
campo de control de longitud fija 02791nam a2200349 a 4500
003 - IDENTIFICADOR DEL NÚMERO DE CONTROL
campo de control OSt
005 - FECHA Y HORA DE LA ÚLTIMA TRANSACCIÓN
campo de control 20250623092639.0
007 - CAMPO FIJO DE DESCRIPCIÓN FÍSICA--INFORMACIÓN GENERAL
campo de control de longitud fija cr ||||||a|a|a
008 - DATOS DE LONGITUD FIJA--INFORMACIÓN GENERAL
campo de control de longitud fija 250606s2025 mx a|||fom||| 001 0 spa d
040 ## - FUENTE DE LA CATALOGACIÓN
Normas de descripción rda
100 1# - ENTRADA PRINCIPAL--NOMBRE DE PERSONA
Nombre de persona Guerrero Santana, Laura
9 (RLIN) 190440
245 10 - MENCIÓN DE TÍTULO
Título Especies de Alternaria spp. asociadas a la pudrición de frutos de bell pepper establecidos bajo cubierta en Sinaloa
Mención de responsabilidad, etc. por Laura Guerrero Santana y Jesús Alfonso Vega Camargo; director de tesis Santos Gerardo Leyva Mir; secretario Elizabeth García León; vocal J. Jesús Magdaleno Villar; suplente Moises Camacho Tapia; suplente Calixto Leopoldo Carrillo Fonseca.
264 #1 - PRODUCCIÓN, PUBLICACIÓN, DISTRIBUCIÓN, FABRICACIÓN Y COPYRIGHT
Producción, publicación, distribución, fabricación y copyright Chapingo, México :
Nombre del de productor, editor, distribuidor, fabricante El autor,
Fecha de producción, publicación, distribución, fabricación o copyright 2024.
300 ## - DESCRIPCIÓN FÍSICA
Extensión 1 recurso en línea (194 páginas):
Otras características físicas cuadros, figuras.
336 ## - TIPO DE CONTENIDO
Fuente rdacontent
Término de tipo de contenido texto
Código de tipo de contenido txt
337 ## - TIPO DE MEDIO
Fuente rdamedia
Nombre/término del tipo de medio computadora
Código del tipo de medio c
338 ## - TIPO DE SOPORTE
Fuente rdacarrier
Nombre/término del tipo de soporte recurso en línea
Código del tipo de soporte cr
502 ## - NOTA DE TESIS
Tipo de título Ingeniero Agrónomo Especialista en Parasitología Agrícola
Nombre de la institución que otorga el título Departamento de Enseñanza, Investigación y Servicio en Parasitología Agrícola,
Año de obtención del título 2024.
Información miscelánea Licenciatura
502 ## - NOTA DE TESIS
Tipo de título Licenciatura en Agronomía en Horticultura Protegida
Nombre de la institución que otorga el título Departamento de Enseñanza, Investigación y Servicio en Fitotecnia,
Año de obtención del título 2024.
Información miscelánea Licenciatura
504 ## - NOTA DE BIBLIOGRAFÍA, ETC.
Nota de bibliografía, etc. Incluye referencias bibliográficas: páginas 39-45.
520 ## - SUMARIO, ETC.
Sumario, etc. El presente estudio tuvo como objetivo principal aislar y caracterizar morfológica y culturalmente al agente causal de la pudrición de frutos de Pimiento Bell Pepper, por lo cual se purificaron y se obtuvieron 6 diferentes aislados provenientes en campos agrícolas establecidos bajo cubierta en el Norte de Sinaloa, México., a los cuales se les sometió a un análisis de varianza para determinar el crecimiento micelial en cajas Petri con medio PDA. Posteriormente, se determinó la patogenicidad y virulencia de los aislados en frutos inoculando en frutos sanos y llevándolos a condiciones favorables para la esporulación del patógeno para así corroborar la reproducción de síntomas in vivo. De los resultados obtenidos, al menos un aislado de Alternaria spp. fue positivo a la prueba de patogenicidad de síntomas, causando así los mismos síntomas que se colectaron originalmente en campo, corroborando con el análisis morfológico del agente causal, correspondiente a los conidios típicos del género Alternaria.
650 #4 - PUNTO DE ACCESO ADICIONAL DE MATERIA--TÉRMINO DE MATERIA
Término de materia o nombre geográfico como elemento de entrada Chile pimiento
Subdivisión general Enfermedades por hongos
9 (RLIN) 133269
650 #2 - PUNTO DE ACCESO ADICIONAL DE MATERIA--TÉRMINO DE MATERIA
Término de materia o nombre geográfico como elemento de entrada Chile pimiento
Subdivisión general Cultivos en invernadero
9 (RLIN) 132665
700 1# - PUNTO DE ACCESO ADICIONAL--NOMBRE DE PERSONA
Nombre de persona Vega Camargo, Jesús Alfonso
9 (RLIN) 190441
700 1# - PUNTO DE ACCESO ADICIONAL--NOMBRE DE PERSONA
Nombre de persona Leyva Mir, Santos Gerardo
Término indicativo de función/relación director de tesis
9 (RLIN) 66581
700 1# - PUNTO DE ACCESO ADICIONAL--NOMBRE DE PERSONA
Nombre de persona García León, Elizabeth
9 (RLIN) 46192
Término indicativo de función/relación secretario.
700 0# - PUNTO DE ACCESO ADICIONAL--NOMBRE DE PERSONA
Nombre de persona Magdaleno Villar, J. Jesús
9 (RLIN) 69829
Término indicativo de función/relación vocal.
700 1# - PUNTO DE ACCESO ADICIONAL--NOMBRE DE PERSONA
Nombre de persona Camacho Tapia, Moises
9 (RLIN) 17710
Término indicativo de función/relación suplente.
700 1# - PUNTO DE ACCESO ADICIONAL--NOMBRE DE PERSONA
Nombre de persona Carrillo Fonseca, Calixto Leopoldo
Término indicativo de función/relación suplente.
9 (RLIN) 19482
856 ## - LOCALIZACIÓN Y ACCESO ELECTRÓNICOS
Identificador Uniforme del Recurso http://10.13.5.2/tesis/tl/1210966-5_Y_1212604-2_GUERRERO_SANTANA_LAURA_Y_VEGA_CAMARGO_JESUSALFONSO.pdf
Nota pública DESCARGAR PDF
942 ## - ELEMENTOS DE PUNTO DE ACCESO ADICIONAL (KOHA)
Fuente del sistema de clasificación o colocación Clasificación Universidad Autónoma Chapingo
Tipo de ítem Koha Tesis digital
Holdings
Estado de retiro Estado de pérdida Fuente del sistema de clasificación o colocación Estado dañado Restricciones de uso No para préstamo Código de colección Localización permanente Ubicación/localización actual Ubicación en estantería Fecha de adquisición Total de préstamos Signatura topográfica completa Fecha visto por última vez Precio válido a partir de Tipo de ítem Koha
    Clasificación Universidad Autónoma de Chapingo   Préstamo interno   Tesis digitales de Licenciatura Biblioteca Digital Biblioteca Digital En línea 06/06/2025   Tesis digital 06/06/2025 06/06/2025 Tesis digital